| 000 | 00874cam a2200253 a 4500 | ||
|---|---|---|---|
| 001 | 4906237 | ||
| 005 | 20180301041157.0 | ||
| 008 | 940518s1995 nyua b 001 0 eng | ||
| 010 | _a 94020592 | ||
| 020 | _a1560249188 (acid free paper) | ||
| 020 | _a1560238631 (pbk.) | ||
| 040 |
_aDLC _cDLC _dDLC |
||
| 041 | _aeng | ||
| 043 | _an-us--- | ||
| 080 | _a305.8 ADL | ||
| 082 | 0 | 0 |
_a305.8 ADL _220 |
| 100 | _a50 | ||
| 101 | _aSOC | ||
| 245 | 0 | 0 |
_aRacism in the lives of women : _cJeanne Adleman, Gloria M. Enguidanos editors. |
| 504 | _aIncludes bibliographical references (p. 366-368) and index. | ||
| 906 |
_a7 _bcbc _corignew _d1 _eocip _f19 _gy-gencatlg |
||
| 942 |
_2ddc _cBK |
||
| 999 |
_c43782 _d43782 |
||